Skoczkowie narciarscy z Niemiec - nagła śmierć - Statystyki

Ogólne statystyki
  • Ten quiz został rozwiązany 124 razy
  • Średni wynik to 13 z 15
Answers on the Grid
Answers color-coded by a green-red scale on the quiz's grid according to % correct below.
Adrian Tittel
Alex Insam
Andreas Wellinger
Casey Larson
Constantin Schmid
Daniel Andrei Cacina
Fin Braun
Harry Glaß
Jens Weißflog
Karl Geiger
Killian Peier
Markus Eisenbichler
Martin Schmitt
Matthew Soukup
Matti Nykanen
Piotr Żyła
Pius Pachke
Remo Imhof
Richard Freitag
Rolf Age Berg
Ryoyu Kobayashi
Severin Freund
Simon Amman
Stefan Kraft
Stephan Leyhe
Sven Hannawald
Thomas Moergenstern
Ulf Findeisen
Valentin Foubert
Ziga Jancar
 
Statystyki odpowiedzi
Odpowiedź % Poprawnych
Andreas Wellinger
96%
Karl Geiger
96%
Markus Eisenbichler
95%
Constantin Schmid
94%
Richard Freitag
94%
Martin Schmitt
92%
Pius Pachke
92%
Severin Freund
92%
Sven Hannawald
88%
Jens Weißflog
87%
Stephan Leyhe
87%
Harry Glaß
76%
Adrian Tittel
70%
Fin Braun
66%
Ulf Findeisen
65%
Nie znaleziono quizów pasujących do podanych kryteriów
Rozkład punktacji
Procent ludzi z każdym wynikiem
Percentyl według liczby udzielonych odpowiedzi
Twoja historia wyników
Nie rozwiązałeś tego quizu